| 000 | 01069cab a22003015a 4500 | ||
|---|---|---|---|
| 001 | L159946 | ||
| 008 | 150113e2017 xxk 000 0 eng d | ||
| 035 | _a(Sirsi) u159946 | ||
| 041 | 0 | _aeng | |
| 050 | _218 | ||
| 100 | 1 |
_aAronsohn _HAlexander |
|
| 245 | 0 | 0 |
_aFirst among equals _h[electronic resource] |
| 260 |
_aLondon _bRICS _c2017 |
||
| 490 |
_aRICS Building Surveying Journal _vMarch - April 2017, 18-19(2) |
||
| 520 | _aExplains why international standards are so important throughout the property development process. | ||
| 650 | 2 | 4 | _aSTANDARDS |
| 650 | 2 | 4 | _aETHICS |
| 650 | 2 | 4 | _aINTERNATIONAL ETHICS STANDARDS |
| 650 | 2 | 4 | _aINTERNATIONAL LAND MEASUREMENT STANDARDS |
| 650 | 2 | 4 | _aINTERNATIONAL CONSTRUCTION MEASUREMENT STANDARDS |
| 650 | 2 | 4 | _aINTERNATIONAL PROPERTY MEASUREMENT STANDARDS |
| 650 | 2 | 4 | _aINTERNATIONAL VALUATION STANDARDS |
| 651 | 4 | _aInternational | |
| 690 |
_aMeasurement _96256 |
||
| 856 | 4 | 0 |
_uhttps://issuu.com/ricsmodus/docs/building_surveying_journal_march_ap _yAvailable free online via Issuu |
| 856 | 4 | 0 |
_u _z |
| 942 | _n0 | ||
| 999 |
_c85071 _d85071 |
||